| 000 | 00651nam a2200253Ia 4500 | ||
|---|---|---|---|
| 008 | 160803s9999 xx 000 0 und d | ||
| 020 | _a978-1606310601 | ||
| 100 | _aKelly, Sophia | ||
| 245 | _aWhat a beast! : | ||
| 245 | _cSophia Kelly. | ||
| 260 | _aNew York : | ||
| 260 | _bScholastic Inc. | ||
| 260 | _c2010 | ||
| 300 | _a128 pages : | ||
| 300 | _billustrations (some color), color map ; | ||
| 300 | _c24 cm. | ||
| 650 | _aMonsters -- | ||
| 650 | _aMonsters. | ||
| 650 | _aMythology, Greek -- | ||
| 650 | _aMythology, Greek. | ||
| 650 | _xEncyclopedias, Juvenile. | ||
| 650 | _xEncyclopedias, Juvenile. | ||
| 700 | _a920 | ||
| 999 |
_c298343 _d298343 |
||